Ricostruisci la Carriera del Calciatore - Franco Brienza - Statistics

Statistiche generali
  • Questo quiz è stato fatto 7 volte
  • Il punteggio medio è 6 su 15
Statistiche sulle risposte
Hint Risposta % Corretto
2022-2023 Ischia
75%
2004-2008 Palermo
75%
2008-2010 Reggina
75%
2014-2015 Cesena
50%
2010-2012 Siena
50%
2002-2003 Ascoli
25%
2013-2014 Atalanta
25%
2016-2019 Bari
25%
2015-2016 Bologna
25%
1997-2000 Foggia
25%
1994-1997 Imola
25%
2000-2002 Palermo
25%
2003-2004 Palermo
25%
2012-2013 Palermo
25%
2004 Perugia
25%
Nessun quiz corrispondente trovato
Distribuzione punteggi
Percentuale di utenti per punteggio
Percentile per numero di risposta
I tuoi punteggi nel tempo
Non hai fatto questo quiz